| 000 | 01340nam0a2200313 4500 | ||
|---|---|---|---|
| 001 | RU\NLR\bibl\1507566 | ||
| 005 | 20250616022259.0 | ||
| 010 |
_a978-5-93808-166-6 _91500 |
||
| 021 |
_aRU _b2010-15827 _91055 |
||
| 035 | _a(NLR Aleph) 001498979 | ||
| 090 |
_a1791369 _c1791369 |
||
| 100 | _a20100504d2009 |||y0rusy50 ca | ||
| 101 | 0 | _arus | |
| 102 | _aRU | ||
| 105 | _aa ||||||||| | ||
| 200 | 1 |
_aПроцессы переработки нефти _eучебно-методическое пособие для повышения квалификации работников нефтеперерабатывющих предприятий _fП.Г. Баннов _gООО "ПО "Киришинефтеоргсинтез" |
|
| 205 | _aИзд. 2-е, перераб. и доп. | ||
| 210 |
_aСанкт-Петербург _cХимиздат _d2009 |
||
| 215 |
_a365 с., [4] л. схем. _cил. _d22 |
||
| 313 | _aв ГАК нет | ||
| 320 | _aБиблиогр.: с. 360-364 | ||
| 606 | 1 |
_aНефть _jУчебно-методические пособия _xПереработка _9900762 _3RU\NLR\auth\667353 |
|
| 686 | _aЛ54я77-1 | ||
| 700 | 1 |
_aБаннов _bП. Г. _f1930- _gПавел Георгиевич _4070 |
|
| 801 | 0 |
_aRU _bNLR _c20100504 _gRCR |
|
| 801 | 1 |
_aRU _bNLR _c20100504 |
|
| 942 | _cBOOK | ||
| 980 | _aNB | ||